| 000 | 00372nam a2200145Ia 4500 | ||
|---|---|---|---|
| 008 | 150201s2010 xx 000 0 und d | ||
| 082 |
_a617.695 _bP2010L |
||
| 100 | _aLAKSHMI, S | ||
| 245 | _aPRECLINICAL MANUAL OF PROSTHODONTICS | ||
| 250 | _a1ST | ||
| 260 |
_bJAYPEE MEDICAL PUBLISHER _aDELHI _c2010 |
||
| 300 | _a1-298 | ||
| 650 | _aPROSTHODONTICS | ||
| 942 |
_2ddc _cBK _04 |
||
| 999 |
_c4639 _d4639 |
||